000 00619nam a2200253Ia 4500
008 220204s9999 xx 000 0 und d
082 _a581.1
_bBAR
100 _aBARON, W M M
245 0 _aPhysiological aspects of water and plant life
260 _aLondon
_bHeineman
650 _aPlant evolution
650 _aPlant life
650 _aPlant physiology
650 _aSolute
650 _aStomata
650 _aTranslocation
650 _aTranspiration
650 _aWater
650 _aWater loss
650 _aWater movement
650 _aWater properties
650 _aWater uptake
942 _cBK
999 _c23625
_d23625